[Event "Bastiais Master 5th"]
[Site "Bastia"]
[Date "2007.03.??"]
[Round "?"]
[White "Morganti, Noel"]
[Black "Gil, Ludovic"]
[Result "0-1"]
[WhiteElo "1678"]
[BlackElo "1848"]
[PlyCount "114"]
[EventDate "2007.03.??"]
[EventType "swiss"]
[EventRounds "9"]
[EventCountry "FRA"]
[SourceTitle "CBM 117 Extra"]
[Source "ChessBase"]
[SourceDate "2007.05.09"]
[SourceVersion "1"]
[SourceVersionDate "2007.05.09"]
[SourceQuality "1"]

1. e4 c5 2. c3 d5 3. exd5 Qxd5 4. d4 g6 5. Nf3 Bg7 6. Be3 cxd4 7. Bxd4 Nf6 8. Be2 0-0 9. 0-0 Nc6 10. Nbd2 Bf5 11. Nb3 Rad8 12. Bxf6 Bxf6 13. Qxd5 Rxd5 14. Rad1 Rfd8 15. Rxd5 Rxd5 16. Rd1 Rxd1+ 17. Bxd1 b6 18. h3 Be6 19. Kf1 a5 20. a3 Bc4+ 21. Ke1 Bg7 22. Bc2 e5 23. g3 f5 24. Nfd2 Bb5 25. Nc1 Kf7 26. Bb3+ Ke7 27. Bd5 Kd6 28. Ba2 Bh6 29. b3 Ne7 30. c4 Bc6 31. Bb1 e4 32. Ne2 Ke5 33. Nf1 Be8 34. Ne3 Bf7 35. h4 a4 36. Ba2 axb3 37. Bxb3 Nc6 38. Kd2 Bxe3+ 39. fxe3 Na5 40. Kc3 b5 41. Nd4 Bxc4 42. Bc2 Kd5 43. Kb4 Nc6+ 44. Nxc6 Kxc6 45. a4 Kb6 46. axb5 Bxb5 47. Bb3 Be8 48. Be6 Kc6 49. Kc4 Kd6 50. Bc8 Bd7 51. Bb7 Ke5 52. Ba8 Kf6 53. Kd4 g5 54. hxg5+ Kxg5 55. Kc3 Kg4 56. Kd2 Kxg3 57. Ke2 Kg2 0-1

[Event "Bastiais Master"]
[Site "Bastia"]
[Date "2003.??.??"]
[Round "?"]
[White "Morganti, Noel"]
[Black "Rossi, Pascal"]
[Result "0-1"]
[WhiteElo "1830"]
[BlackElo "1990"]
[PlyCount "102"]
[EventDate "2003.??.??"]
[EventType "swiss"]
[EventRounds "7"]
[EventCountry "FRA"]
[SourceTitle "EXT 2007"]
[Source "ChessBase"]
[SourceDate "2006.11.23"]
[SourceVersion "1"]
[SourceVersionDate "2006.11.23"]
[SourceQuality "1"]

1. e4 d5 2. exd5 Qxd5 3. Nc3 Qa5 4. d4 Bf5 5. Bd2 c6 6. Nf3 e6 7. Bc4 Nf6 8. 0-0 Qc7 9. Re1 Nbd7 10. Bb3 0-0-0 11. Qe2 Bd6 12. Ne5 Nb6 13. h3 h6 14. a3 g5 15. Qf3 g4 16. hxg4 Bxe5 17. dxe5 Nxg4 18. Bf4 h5 19. Rad1 Nd7 20. Rd6 Ndxe5 21. Rxd8+ Rxd8 22. Qe2 f6 23. Kh1 Qb6 24. Rf1 Rd4 25. Bxe5 fxe5 26. g3 h4 27. f3 hxg3 28. fxg4 Rxg4 29. Bxe6+ Bxe6 30. Rf8+ Kd7 31. Qd2+ Qd4 32. Qxd4+ exd4 33. Ne2 g2+ 34. Kg1 Bd5 35. Rf4 Rxf4 36. Nxf4 Kd6 37. Nxd5 Kxd5 38. Kxg2 Ke5 39. Kf3 c5 40. b3 b5 41. Ke2 Ke4 42. Kd2 a5 43. a4 bxa4 44. bxa4 c4 45. Ke2 Kd5 46. Kd2 c3+ 47. Kd3 Kc5 48. Ke2 Kc4 49. Kd1 Kb4 50. Ke2 Kxa4 51. Kd3 Kb4 0-1

[Event "Corsica-ch"]
[Site "Bastia"]
[Date "2002.??.??"]
[Round "1"]
[White "Ceccaldi, Daniel"]
[Black "Morganti, Noel"]
[Result "1-0"]
[WhiteElo "1810"]
[BlackElo "1790"]
[PlyCount "83"]
[EventDate "2002.??.??"]
[EventType "k.o."]
[EventRounds "4"]
[EventCountry "FRA"]
[SourceTitle "EXT 2003"]
[Source "ChessBase"]
[SourceDate "2002.11.25"]
[SourceVersion "1"]
[SourceVersionDate "2002.11.25"]
[SourceQuality "1"]

1. e4 d6 2. d4 Nf6 3. Nc3 g6 4. Bg5 Nbd7 5. Qd2 h6 6. Bf4 Bg7 7. 0-0-0 g5 8. Bg3 Nh5 9. Be2 Nxg3 10. hxg3 Nb6 11. f4 gxf4 12. gxf4 Bd7 13. e5 d5 14. Nf3 e6 15. Qe1 Qe7 16. Qg3 Qf8 17. Nd2 0-0-0 18. Rh4 f5 19. a3 Qe7 20. Rh3 Rdg8 21. Qf2 Bf8 22. Nb3 Qg7 23. Rg1 Na4 24. Nxa4 Bxa4 25. Nc5 Bd7 26. Rb3 Bxc5 27. dxc5 c6 28. Qd4 Kd8 29. Rxb7 Qg6 30. Qb4 Qg3 31. Qa5+ Ke7 32. Rxd7+ Kxd7 33. Qxa7+ Kd8 34. Qb8+ Ke7 35. Qd6+ Kf7 36. Bh5+ Rg6 37. Bxg6+ Kxg6 38. Qxe6+ Kg7 39. Qf6+ Kg8 40. Kb1 Qxf4 41. e6 Rh7 42. e7 1-0